00988nam a2200229Ia 4500003000900000008004100009020001800050040001600068080001500084111009600099245020500195260005800400300001300458650002400471650002900495650003300524650004900557700003200606942000700638999001500645952009800660IN-BaIIA211028s9999 xx 000 0 eng d a0-88202-033-1 cIIA Library a524.5bTHE aSymposium Honoring Fred Lawrence Whipple on His RetirementcNew Yorkd1973 Oct. 17-1999037 4aThe dusty universebproceedings of a symposium honoring Fred Lawrence Whipple on his retirement as director of the Smithsonian astrophysical observatorycedited by George B. Field and A. G. W. Cameron aNew YorkbSmithsonian Astrophysical Observatoryc1975 ax, 323p. a Cosmic dust99038 a Dusty universe 99039 a Interseller matter 99040 aAstronomy and astrophysics thesaurus 91143 aField, George B., ed.99041 cBK c5078d5078 00104070aBANbBANcGENd1976-11-23l0o524.5/ THEp5673r2021-11-05w1976-11-23yBK 15.00